_The Developing Person Through the life span[ 5th ed.] Kathleen Stassen Berger (Record no. 9032)
[ view plain ]
| 000 -LEADER | |
|---|---|
| fixed length control field | 00462nam a2200145Ia 4500 |
| 008 - FIXED-LENGTH DATA ELEMENTS--GENERAL INFORMATION | |
| fixed length control field | 151021s9999 xx 000 0 und d |
| 020 ## - INTERNATIONAL STANDARD BOOK NUMBER | |
| International Standard Book Number | 1572594292 |
| 050 ## - LIBRARY OF CONGRESS CALL NUMBER | |
| Classification number | BF 713 .B463 2000 |
| 245 ## - TITLE STATEMENT | |
| Title | _The Developing Person Through the life span[ 5th ed.] Kathleen Stassen Berger |
| 260 ## - PUBLICATION, DISTRIBUTION, ETC. (IMPRINT) | |
| Place of publication, distribution, etc. | New york Worth Publishers 2000 |
| 300 ## - PHYSICAL DESCRIPTION | |
| Extent | xxxi,721p;ill. |
| 500 ## - GENERAL NOTE | |
| General note | Includes index |
| 650 ## - SUBJECT ADDED ENTRY--TOPICAL TERM | |
| Topical term or geographic name as entry element | _Developmental Psychology |
| 980 ## - EQUIVALENCE OR CROSS-REFERENCE-SERIES STATEMENT--PERSONAL NAME/TITLE [LOCAL, CANADA] | |
| Personal name | ^d20131206 10:27:39^okorir |
No items available.